[Event "RUS-chT Blitz Women 2018"]
[Site "Sochi"]
[Date "2018.10.10"]
[Round "8"]
[White "Guseva, Marina"]
[Black "Zavivaeva, Emilia"]
[Result "0-1"]
[WhiteElo "2292"]
[BlackElo "1633"]
[Annotator "TA"]
[PlyCount "84"]
[EventDate "2018.10.10"]
[EventType "swiss"]
[EventCountry "RUS"]
[SourceTitle "playchess.com"]
[Source "ChessBase"]
[SourceQuality "1"]

{[%evp 17,84,37,42,36,37,37,63,54,57,20,24,12,0,3,31,11,11,-7,-2,-26,-29,-18,-5,-17,-12,-19,82,56,58,52,69,-34,-27,-42,122,127,140,134,165,165,147,151,188,80,77,77,89,88,85,25,28,-83,18,4,7,-45,-27,-337,-329,-1779,-1585,-29995,-29996,-29996,-29997,-29997,-29997,-29998,-29999]} 1. d4 Nf6 2. c4 e6 3. Nc3 Bb4 4. Nf3 b6 5. e3 Bb7 6. Bd3 d6 7. O-O Bxc3 8. bxc3 Nbd7 9. Nd2 O-O 10. e4 {E43: Nimzo-Indian: Rubinstein: 4...b6} e5 11. Re1 (11. f3 Re8 12. Rf2 c6 13. Nf1 d5 14. Ng3 Qc7 15. Bg5 h6 16. Be3 Rad8 17. Nf5 dxc4 18. Bxc4 {1-0 (26) Fressinet,L (2693)-Akopian,V (2684) Plovdiv 2012 CBM 148 [Likavsky,T]}) 11... c5 $146 ({Predecessor:} 11... Re8 12. f3 Nh5 13. Bf1 g6 14. Nb3 c5 15. Be3 Qc7 16. Qd2 Ng7 17. Rad1 Rad8 18. Bf2 Ne6 19. Qh6 f6 20. Be3 {½-½ (75) Milanovic,D (2510)-Kilic,E (2284) Sarajevo 2017}) 12. Bb2 {White is slightly better.} Qe7 13. f3 Nh5 14. Bf1 g6 15. g3 Ng7 16. Bg2 f5 17. exf5 gxf5 18. dxe5 dxe5 19. Bc1 Qf6 20. Nf1 Rad8 21. Ne3 e4 (21... f4 $11 22. Nd5 Bxd5 23. cxd5 Nf5) 22. Nd5 Bxd5 $1 23. cxd5 Qxc3 24. Bd2 (24. Bg5 $14) 24... Qd4+ $1 $15 25. Be3 Qe5 $2 {[#]} (25... Qxd1 $1 $15 {keeps the upper hand.} 26. Raxd1 Nf6) 26. fxe4 $1 $16 fxe4 27. Bf4 $1 {[%cal Rf4e5]} Qd4+ 28. Qxd4 cxd4 29. Rxe4 Nf5 30. Bh3 (30. Bc7 $18) 30... Nc5 31. Re5 Ne3 32. Bxe3 dxe3 33. Rd1 ({White should play} 33. Re1 $16) 33... Rfe8 34. Rg5+ (34. Rxe8+ $1 $11 {was the only way to keep the balance.} Rxe8 35. Bg4) 34... Kf8 (34... Kh8 $17 35. Re1 Nd3) 35. Rf1+ Ke7 $132 {[%mdl 2048] Black is not keeping still} 36. Rg7+ Kd6 37. Rf6+ $2 {[%mdl 8192] [#]} (37. Re1 $11 {and White is okay.}) 37... Kxd5 $19 38. Kf1 $2 (38. Bg4 e2 39. Bxe2 Rxe2 40. Rxa7) 38... e2+ 39. Ke1 Nd3+ {Black mates.} 40. Kd2 e1=Q+ 41. Kxd3 Kc5+ 42. Kc2 Re2+ {Precision: White = 29%, Black = 36%.} 0-1

[Event "RUS-chT Blitz Women 2018"]
[Site "Sochi"]
[Date "2018.10.10"]
[Round "8"]
[White "Styazhkina, Anna"]
[Black "Gritsayeva, Oksana"]
[Result "0-1"]
[WhiteElo "2268"]
[BlackElo "2378"]
[Annotator "TA"]
[PlyCount "108"]
[EventDate "2018.10.10"]
[EventType "swiss"]
[EventCountry "RUS"]
[SourceTitle "playchess.com"]
[Source "ChessBase"]
[SourceQuality "1"]

{[%evp 12,108,-3,-13,-7,-12,2,-41,-21,-23,2,-22,-23,-25,-18,-32,0,-7,9,-53,-23,-8,0,0,18,10,27,27,28,12,33,0,23,12,31,-76,-96,-312,-66,-74,-70,-63,-60,-109,0,0,0,0,0,0,0,0,0,0,0,0,0,-37,-50,-135,-127,-115,-119,-480,-52,-143,-121,-212,-207,-212,-193,-181,-77,-75,-12,-12,-12,-23,0,0,346,0,8,8,8,0,0,0,0,0,0,0,0,-48,-47,-765,-733,-1544,-1114]} 1. e4 c5 2. Nf3 e6 3. c4 Nc6 4. Nc3 Nd4 5. Nxd4 cxd4 6. Nb1 {B40: Sicilian: 2...e6, Unusual lines} Ne7 7. d3 {LiveBook: 3 Games} Nc6 8. f4 $146 {The position is equal.} Bb4+ 9. Kf2 a5 10. g3 d6 11. a3 Bc5 12. b3 O-O 13. Nd2 d5 14. cxd5 exd5 15. e5 (15. Bg2 $1 $11) 15... f6 16. exf6 Qxf6 {And now ...g5 would win.} 17. Bg2 $1 Be6 18. Re1 Rad8 19. Nf3 Bg4 20. h3 Bh5 21. Bb2 Bb6 22. Ra2 Ne7 {[%cal Bc6e7,Be7f5,Bf5e3][%mdl 32] Threatening ...Nf5.} 23. Kg1 (23. g4 $14 {stays ahead.}) 23... Nf5 $1 $17 {[%cal Rf5g3]} 24. Kh2 $2 {[#]} (24. g4 $17 Ne3 25. Rxe3 dxe3 26. Qe2) 24... Qh6 $2 (24... Nxg3 $1 $19 {[%mdl 512]} 25. Qd2 (25. Kxg3 Qxf4+) 25... Nf5) 25. Bc1 Ne3 26. Bxe3 $1 dxe3 27. d4 Bxf3 (27... Bc7 $1 $17 {Threatens to win with ...Rde8.} 28. Rxe3 Bxf4 $1 {[%mdl 512]}) 28. Bxf3 $11 g5 29. f5 Rxf5 30. Rxe3 Rdf8 $36 {[%cal Bd8f8,Bf8f2,Bf2b2][%mdl 2080] Black has good play.} 31. Bg4 Rf2+ 32. Rxf2 Rxf2+ 33. Kg1 Qf6 34. Re8+ Kf7 35. Re6 (35. Bh5+ $15 Kg7 36. Re7+ Qxe7 37. Kxf2) 35... Qxd4 $17 36. Qxd4 Bxd4 {[%mdl 4096] Endgame KRB-KRB} 37. Kh1 $2 {[%mdl 8192] [#]} (37. Re1 $17 {nothing else works.}) 37... Rb2 $2 ({Better is} 37... h5 $1 $19 {[%mdl 512]} 38. Rd6 (38. Bxh5+ Kxe6) 38... hxg4 39. Rxd5 Bf6 40. hxg4 Rf3 41. Rd7+ Ke6 42. Rxb7 Rxg3 43. Rb6+ Kf7 44. Rb7+ Kg6) 38. Rh6 (38. Rd6 $15) 38... Rxb3 39. Rxh7+ {[#]} (39. Rd6 $17) 39... Bg7 $1 $19 {White must now prevent ...Kg6.} 40. Rh5 Kf6 ({Much less strong is} 40... Rxg3 41. Rxg5 Rd3 42. a4 $17) 41. h4 gxh4 (41... Rxa3 $19 {Strongly threatening ...a4.} 42. Kg2 gxh4 43. gxh4 Rd3) 42. gxh4 $17 d4 (42... Rxa3 $17 43. Rf5+ Kg6 44. Rxd5 a4 45. h5+ Kh7) 43. Rxa5 $11 d3 44. Rd5 Kg6 45. h5+ Kh6 $2 {[%mdl 8192]} (45... Kf6 $11) 46. Kg2 $2 (46. Rd6+ $18 Kg5 47. Rg6+ Kf4 48. Rxg7) 46... Rb2+ 47. Kf3 {Hoping for Rd6+.} d2 48. Kf4 Kh7 49. Rd7 Kg8 50. Ke3 Bh6+ 51. Ke2 Rb1 52. Be6+ Kf8 53. Bf5 $2 {[%mdl 8192]} (53. Bg4 $15) 53... Re1+ $19 54. Kf2 d1=Q {Precision: White = 31%, Black = 30%.} 0-1

[Event "RUS-chT Blitz Women 2018"]
[Site "Sochi"]
[Date "2018.10.10"]
[Round "8"]
[White "Goncharova, Natalia Olegovna"]
[Black "Sirotkina, Elizaveta"]
[Result "1-0"]
[WhiteElo "2249"]
[BlackElo "1234"]
[Annotator "RC"]
[PlyCount "104"]
[EventDate "2018.10.10"]
[EventType "swiss"]
[EventCountry "RUS"]
[SourceTitle "playchess.com"]
[Source "ChessBase"]
[SourceQuality "1"]
[TimeControl "180+2"]

1. e4 {[%emt 0:00:00]} c5 {[%emt 0:00:00]} 2. Nf3 {[%emt 0:00:01]} d6 {[%emt 0:00:00]} 3. d4 {[%emt 0:00:01]} cxd4 {[%emt 0:00:02]} 4. Qxd4 {[%emt 0:00:02]} Nc6 {[%emt 0:00:02]} 5. Bb5 {[%emt 0:00:01]} Bd7 {[%emt 0:00:01]} 6. Bxc6 {[%emt 0:00:02]} Bxc6 {[%emt 0:00:02]} 7. c4 {[%emt 0:00:01]} Nf6 {[%emt 0:00:01]} 8. Nc3 {[%emt 0:00:01]} e6 {[%emt 0:00:06]} 9. O-O {[%emt 0:00:02]} Be7 {[%emt 0:00:01]} 10. Rd1 {[%emt 0:00:03]} O-O {[%emt 0:00:05]} 11. Bg5 {[%emt 0:00:05]} h6 {[%emt 0:00:10]} 12. Bh4 {[%emt 0:00:14]} Qc7 {[%emt 0:00:11]} 13. Rac1 {[%emt 0:00:07]} Rad8 {[%emt 0:00:05]} 14. e5 {[%emt 0:00:08]} dxe5 {[%emt 0:00:05]} 15. Qxe5 {[%emt 0:00:02]} Qxe5 {[%emt 0:00:08]} 16. Nxe5 {[%emt 0:00:01]} Rxd1+ {[%emt 0:00:21]} 17. Rxd1 {[%emt 0:00:01]} Rc8 {[%emt 0:00:10]} 18. Nxc6 {[%emt 0:00:04]} Rxc6 {[%emt 0:00:05]} 19. b3 {[%emt 0:00:03]} Ne4 {[%emt 0:00:30]} 20. Bxe7 {[%emt 0:00:12]} Nxc3 {[%emt 0:00:01]} 21. Rd2 {[%emt 0:00:02]} Rc7 {[%emt 0:00:05]} 22. Bb4 {[%emt 0:00:04]} Ne4 {[%emt 0:00:04]} 23. Rd4 {[%emt 0:00:06]} Nf6 {[%emt 0:00:03]} 24. f3 {[%emt 0:00:02]} Rd7 {[%emt 0:00:07]} 25. Rxd7 {[%emt 0:00:04]} Nxd7 {[%emt 0:00:02]} 26. Kf2 {[%emt 0:00:01]} Ne5 {[%emt 0:00:06]} 27. Ke3 {[%emt 0:00:04]} f6 {[%emt 0:00:09]} 28. h3 {[%emt 0:00:01]} Kf7 {[%emt 0:00:02]} 29. f4 {[%emt 0:00:02]} Nc6 {[%emt 0:00:02]} 30. Bc3 {[%emt 0:00:01]} Ke7 {[%emt 0:00:03]} 31. a3 {[%emt 0:00:02]} Kd6 {[%emt 0:00:19]} 32. b4 {[%emt 0:00:02]} e5 {[%emt 0:00:14]} 33. fxe5+ {[%emt 0:00:09]} Nxe5 {[%emt 0:00:01]} 34. c5+ {[%emt 0:00:06]} Ke6 {[%emt 0:00:03]} 35. Bxe5 {[%emt 0:00:06]} Kxe5 {[%emt 0:00:02]} 36. Kd3 {[%emt 0:00:10]} g5 {[%emt 0:00:07]} 37. g4 {[%emt 0:00:01]} Kd5 {[%emt 0:00:13]} 38. a4 {[%emt 0:00:03]} a6 {[%emt 0:00:08]} 39. Kc3 {[%emt 0:00:06]} a5 {[%emt 0:00:15]} 40. Kb3 {[%emt 0:00:07]} Kd4 {[%emt 0:00:04]} 41. c6 {[%emt 0:00:12]} bxc6 {[%emt 0:00:01]} 42. bxa5 {[%emt 0:00:01]} Kc5 {[%emt 0:00:02]} 43. a6 {[%emt 0:00:06]} Kb6 {[%emt 0:00:00]} 44. Kb4 {[%emt 0:00:01]} c5+ {[%emt 0:00:02]} 45. Kc4 {[%emt 0:00:02]} Kxa6 {[%emt 0:00:00]} 46. Kxc5 {[%emt 0:00:01]} Ka5 {[%emt 0:00:01]} 47. Kd6 {[%emt 0:00:02]} Kxa4 {[%emt 0:00:02]} 48. Ke6 {[%emt 0:00:01]} Kb4 {[%emt 0:00:02]} 49. Kxf6 {[%emt 0:00:01]} Kc4 {[%emt 0:00:01]} 50. Kg6 {[%emt 0:00:01]} Kd4 {[%emt 0:00:01]} 51. Kxh6 {[%emt 0:00:01]} Ke5 {[%emt 0:00:01]} 52. Kxg5 {[%emt 0:00:01]} Kd5 1-0

[Event "RUS-chT Blitz Women 2018"]
[Site "Sochi"]
[Date "2018.10.10"]
[Round "8"]
[White "Shendrik, Zhanna"]
[Black "Girya, Olga"]
[Result "1/2-1/2"]
[WhiteElo "1934"]
[BlackElo "2479"]
[Annotator "TA"]
[PlyCount "69"]
[EventDate "2018.10.10"]
[EventType "swiss"]
[EventCountry "RUS"]
[SourceTitle "playchess.com"]
[Source "ChessBase"]
[SourceQuality "1"]

{[%evp 27,69,14,11,15,41,28,45,20,33,7,47,0,6,-50,0,0,0,0,30,0,89,27,204,198,204,207,264,190,225,162,200,198,236,236,263,223,318,126,127,129,137,104,98,65]} 1. d4 d5 2. c4 c6 3. Nf3 Nf6 4. Nc3 dxc4 5. a4 Bf5 6. e3 e6 7. Bxc4 Nbd7 8. h3 Bb4 9. O-O O-O 10. Nh4 Bg6 11. Nxg6 hxg6 12. Qe2 a5 13. Rd1 Qe7 14. e4 {D18: Slav Defence: 5 a4 Bf5 6 e3} e5 $1 {LiveBook: 4 Games} 15. d5 {[#]} Rad8 $146 ({Predecessor:} 15... Rfd8 16. Bg5 Nf8 17. Rd3 N8h7 18. Bd2 Ne8 19. Ba2 c5 20. Be3 Bxc3 21. bxc3 Rac8 {1-0 (56) Semcesen,D (2447)-Haba,P (2522) Pardubice 2013}) 16. Bg5 {White is slightly better.} Bc5 17. Rac1 Bd4 18. Qf3 Qb4 19. Bf1 Rde8 20. Bd3 (20. h4 $11) 20... Qxb2 21. dxc6 bxc6 22. Ne2 $1 $36 {[%mdl 2048] White is pushing.} Nh7 23. Bh4 g5 (23... Qb6 $11) 24. Bg3 (24. Nxd4 $16 exd4 25. Bg3) 24... Nc5 $2 {[#]} (24... Bc5 $11 {and Black is okay.}) 25. Nxd4 $18 Nxd3 26. Qxd3 exd4 27. Rxc6 Rd8 28. Rc4 Qa2 29. Bc7 Rd7 30. Bxa5 Ra8 31. Bb6 Nf6 (31... Nf8 $142 32. Rdc1 (32. Bxd4 Rxa4 33. Rdc1 f6 $16) (32. Rxd4 Rxd4 33. Qxd4 Rxa4 $16) 32... f6 33. Rxd4 Rxd4 34. Bxd4 (34. Qxd4 Rxa4 35. Qd8 Ra8 $16) 34... Rxa4) 32. Rxd4 $2 {[#]} ({Less strong is} 32. Bxd4 Rxa4 33. Rxa4 (33. Rc8+ Kh7 $16) 33... Qxa4 $16) (32. a5 $18 {and White stays clearly on top.}) 32... Rxd4 $16 33. Bxd4 {Threatens to win with Ra1.} Qxa4 34. Bxf6 gxf6 35. Qf3 {Precision: White = 34%, Black = 18%.} 1/2-1/2

[Event "RUS-chT Blitz Women 2018"]
[Site "Sochi"]
[Date "2018.10.10"]
[Round "8"]
[White "Ershova, Margarita"]
[Black "Sarvarova, Alisa"]
[Result "1-0"]
[WhiteElo "1511"]
[BlackElo "1216"]
[Annotator "NA"]
[PlyCount "69"]
[EventDate "2018.10.10"]
[EventType "swiss"]
[EventCountry "RUS"]
[SourceTitle "playchess.com"]
[Source "ChessBase"]
[SourceQuality "1"]
[TimeControl "180+2"]

1. d4 {[%emt 0:00:00]} d5 {[%emt 0:00:50]} 2. Nc3 {[%emt 0:00:01]} Nf6 {[%emt 0:00:03]} 3. Bf4 {[%emt 0:00:01]} Nc6 {[%emt 0:00:03]} 4. Nb5 {[%emt 0:00:01]} e5 {[%emt 0:00:17]} 5. dxe5 {[%emt 0:00:02]} Nxe5 {[%emt 0:00:01]} 6. Bxe5 {[%emt 0:00:02]} Bd6 {[%emt 0:00:07]} 7. Nxd6+ {[%emt 0:00:04]} cxd6 {[%emt 0:00:02]} 8. Bxf6 {[%emt 0:00:15]} Qxf6 {[%emt 0:00:05]} 9. c3 {[%emt 0:00:01]} O-O {[%emt 0:00:10]} 10. Qxd5 {[%emt 0:00:02]} Re8 {[%emt 0:00:03]} 11. e3 {[%emt 0:00:02]} Qg6 {[%emt 0:00:06]} 12. Bd3 {[%emt 0:00:09]} Qg4 {[%emt 0:00:09]} 13. Qf3 {[%emt 0:00:03]} Qe6 {[%emt 0:00:06]} 14. Ne2 {[%emt 0:00:03]} Bd7 {[%emt 0:00:11]} 15. O-O {[%emt 0:00:07]} Bc6 {[%emt 0:00:02]} 16. Qg3 {[%emt 0:00:06]} Qd5 {[%emt 0:00:10]} 17. Nf4 {[%emt 0:00:10]} Qe5 {[%emt 0:00:09]} 18. Bc2 {[%emt 0:00:07]} Rad8 {[%emt 0:00:07]} 19. Rad1 {[%emt 0:00:03]} Qb5 {[%emt 0:00:11]} 20. Bb3 {[%emt 0:00:07]} Qe5 {[%emt 0:00:04]} 21. Ne2 {[%emt 0:00:08]} Qe4 {[%emt 0:00:12]} 22. Nf4 {[%emt 0:00:12]} Qf5 {[%emt 0:00:05]} 23. Rd2 {[%emt 0:00:09]} Re7 {[%emt 0:00:06]} 24. Rfd1 {[%emt 0:00:03]} Red7 {[%emt 0:00:01]} 25. Bd5 {[%emt 0:00:06]} Bxd5 {[%emt 0:00:16]} 26. Rxd5 {[%emt 0:00:02]} Rc7 {[%emt 0:00:10]} 27. Rxf5 {[%emt 0:00:02]} h6 {[%emt 0:00:02]} 28. Nd5 {[%emt 0:00:06]} Rcd7 {[%emt 0:00:02]} 29. Nf6+ {[%emt 0:00:02]} Kf8 {[%emt 0:00:03]} 30. Nxd7+ {[%emt 0:00:02]} Rxd7 {[%emt 0:00:01]} 31. Rxd6 {[%emt 0:00:02]} Rc7 {[%emt 0:00:03]} 32. Rd8+ {[%emt 0:00:06]} Ke7 {[%emt 0:00:01]} 33. Qxc7+ {[%emt 0:00:02]} Ke6 {[%emt 0:00:00]} 34. Re5+ {[%emt 0:00:01]} Kf6 {[%emt 0:00:02]} 35. Qd6# {[%emt 0:00:02]} 1-0

[Event "RUS-chT Blitz Women 2018"]
[Site "Sochi"]
[Date "2018.10.10"]
[Round "8"]
[White "Zavivaeva, Evelina"]
[Black "Kovanova, Baira"]
[Result "0-1"]
[WhiteElo "1323"]
[BlackElo "2350"]
[Annotator "TA"]
[PlyCount "106"]
[EventDate "2018.10.10"]
[EventType "swiss"]
[EventCountry "RUS"]
[SourceTitle "playchess.com"]
[Source "ChessBase"]
[SourceQuality "1"]

{[%evp 9,106,27,78,70,86,81,115,61,65,57,55,30,64,4,64,43,72,-45,15,-19,87,31,30,0,66,56,57,52,189,-70,-16,-119,-131,-116,-99,-91,-81,-92,-89,-698,-669,-701,-693,-743,-600,-685,-681,-758,-743,-758,-737,-780,-756,-814,-619,-729,-566,-936,-913,-1672,-1518,-1673,-1620,-2769,-2746,-2612,-2645,-2260,-2293,-2314,-2625,-2636,-2508,-6029,-5747,-6107,-29973,-29981,-29982,-29982,-29983,-29984,-29985,-29985,-29985,-29985,-29986,-29986,-29987,-29987,-29988,-29989,-29990,-29990,-29991,-29991,-29992,-29992,-29993]} 1. e4 d6 2. d4 g6 3. Nc3 Bg7 4. Nf3 a6 5. a4 a5 (5... Bg4 $11 {hält das Gleichgewicht.}) (5... Nf6 6. Be2 O-O 7. O-O Nc6 8. h3 e5 9. d5 Ne7 10. a5 Nh5 11. Re1 h6 12. Bf1 Nf4 13. Ra3 g5 14. Ne2 Neg6 15. Ng3 Ne7 16. c4 f5 {1-0 (54) Matlakov,M (2694)-Mamedov,R (2688) Tallinn 2016}) 6. Bc4 {B06: Moderne Verteidigung} c6 $146 ({Vorgänger:} 6... e6 7. Bg5 Ne7 8. O-O h6 9. Bh4 O-O 10. Re1 b6 11. h3 Bb7 12. Qe2 Nd7 13. Rad1 {1-0 (43) Morcom,H (1958)-Bolt,G (2063) Guernsey 2012}) 7. Ng5 e6 {[#]} 8. O-O (8. d5 $1 $16) 8... h6 $14 9. Nf3 Ne7 10. Bf4 O-O 11. Qd2 (11. h4 $14) 11... Kh7 ({Besser ist} 11... g5 $11 12. Bg3 f5) 12. Rfe1 Na6 13. d5 (13. h4 $16) 13... e5 (13... cxd5 $1 $15 14. exd5 e5) 14. Be3 c5 (14... f5 $11 {bleibt in der Remisbreite.} 15. exf5 gxf5) 15. Bxa6 (15. Qd1 $16) 15... Rxa6 16. Nb5 Bg4 (16... f5 $11) 17. Qe2 f5 18. h3 Bh5 {[#]} ({Günstiger ist} 18... Bxf3 $1 $14 19. Qxf3 Ra8) 19. Nc3 $2 ({Weiss braucht} 19. g4 $1 $18) 19... fxe4 ({Lieber} 19... Kg8 $15) 20. Nxe4 (20. Ng5+ $1 $11 {war der einzige Weg, das Gleichgewicht zu behalten.} hxg5 21. g4) 20... Bxf3 $1 $17 ({Und nicht} 20... Nxd5 21. g4 $16) 21. gxf3 Nxd5 22. Rad1 Nf4 $36 {[%mdl 2048] Schwarz ist am Drücker.} 23. Bxf4 Rxf4 24. Nxc5 $2 {[%mdl 8192]} (24. Qd3 $17) 24... Qg5+ $19 25. Kh2 {Schwarz muss nun Tg1 beachten.} dxc5 26. Rg1 Qf6 27. Rg3 Rd6 28. Qe1 Qd8 29. Rxd6 Qxd6 30. Qe2 b6 31. b3 Qd4 32. Kg2 Rf7 33. Kh2 {[#]} e4 $1 34. Kg2 (34. Qxe4 Qxe4) 34... exf3+ 35. Rxf3 Qd5 36. Qe3 Rxf3 37. Qxf3 Qxf3+ 38. Kxf3 {[%mdl 4096] Endspiel KL-KB} g5 39. Ke4 Kg6 40. Kd5 Kh5 41. Kc6 Bd4 42. Kxb6 c4+ 43. Kb5 {Schwarz setzt Matt.} cxb3 44. cxb3 Bc3 45. Kc4 Bb4 46. Kd3 Kh4 47. Ke4 Kxh3 {KL-K3B} 48. Kf5 g4 49. Kf4 h5 {[%cal Bh6h5,Bh5h4,Bh4g3,Bg3g2][%mdl 32]} 50. Kg5 h4 51. Kf4 g3 52. fxg3 hxg3 53. Kf3 g2 {Precision: Weiß = 15%, Schwarz = 62%.} 0-1

[Event "RUS-chT Blitz Women 2018"]
[Site "Sochi"]
[Date "2018.10.10"]
[Round "8"]
[White "Khusneeva, Alina"]
[Black "Fairuzova, Zulfiiya"]
[Result "0-1"]
[WhiteElo "1066"]
[BlackElo "1847"]
[Annotator "NA"]
[PlyCount "62"]
[EventDate "2018.10.10"]
[EventType "swiss"]
[EventCountry "RUS"]
[SourceTitle "playchess.com"]
[Source "ChessBase"]
[SourceQuality "1"]
[TimeControl "180+2"]

1. e4 {[%emt 0:00:52]} e5 {[%emt 0:00:00]} 2. Nf3 {[%emt 0:00:02]} d6 {[%emt 0:00:01]} 3. Bb5+ {[%emt 0:00:06]} Bd7 {[%emt 0:00:01] C41: Philidor Defence} (3... Nd7 4. O-O a6 5. Bxd7+ Bxd7 6. Re1 c5 7. c3 c4 8. b3 b5 9. d3 cxd3 10. Qxd3 h6 11. Ba3 {0-1 (41) Ma,Q (2475)-Zeng,C (2400) Chennai 2012}) 4. Bxd7+ {[%emt 0:00:03]} Qxd7 {[%emt 0:00:05]} 5. O-O {[%emt 0:00:04]} Nf6 {[%emt 0:00:01]} 6. d3 {[%emt 0:00:02]} Be7 {[%emt 0:00:01]} 7. c3 $146 {[%emt 0:00:02]} ({Predecessor:} 7. d4 exd4 8. Nxd4 Nxe4 9. Qe1 Nf6 10. Bg5 O-O 11. Bxf6 Bxf6 {0-1 (55) Sobreviela Batlle,A-Vicente Bessen,K (1558) Santa Eulalia de Roncana 2008}) 7... O-O {[%emt 0:00:04]} 8. Re1 {[%emt 0:00:01]} Nc6 {[%emt 0:00:04]} 9. d4 {[%emt 0:00:08]} Rfe8 {[%emt 0:00:12]} 10. Nbd2 {[%emt 0:00:11]} Bf8 {[%emt 0:00:08]} 11. Qc2 {[%emt 0:00:31]} a6 {[%emt 0:00:41]} 12. Nf1 {[%emt 0:00:06]} g6 {[%emt 0:00:08]} 13. Ng3 {[%emt 0:00:10]} Bg7 {[%emt 0:00:01]} 14. Rd1 {[%emt 0:00:14]} Qe7 {[%emt 0:00:06]} 15. d5 {[%emt 0:00:10]} Nb8 {[%emt 0:00:22]} 16. c4 {[%emt 0:00:13]} Nbd7 {[%emt 0:00:01]} 17. b3 {[%emt 0:00:07]} a5 {[%emt 0:00:03]} 18. Bb2 {[%emt 0:00:05]} Nc5 {[%emt 0:00:01]} 19. Re1 {[%emt 0:00:06]} Rf8 {[%emt 0:00:20]} 20. h3 $11 {[%emt 0:00:03]} Nfd7 {[%emt 0:00:10]} 21. Nd2 {[%emt 0:00:10]} f6 {[%emt 0:00:07]} 22. Nf3 {[%emt 0:00:02]} Qf7 {[%emt 0:00:02]} 23. Nd2 {[%emt 0:00:02]} f5 {[%emt 0:00:01]} 24. exf5 {[%emt 0:00:06]} gxf5 {[%emt 0:00:01]} 25. Nf3 {[%emt 0:00:04]} f4 {[%emt 0:00:12]} 26. Ne4 {[%emt 0:00:02]} Nxe4 {[%emt 0:00:01]} 27. Qxe4 {[%emt 0:00:01]} Nc5 {[%emt 0:00:01]} 28. Qc2 {[%emt 0:00:05]} Bf6 {[%emt 0:00:10]} 29. Rad1 {[%emt 0:00:05]} Kh8 {[%emt 0:00:01]} 30. Kh1 {[%emt 0:00:02]} Rg8 {[%emt 0:00:02]} 31. Kg1 {[%emt 0:00:02]} Qg7 {[%emt 0:00:01]} 0-1

[Event "RUS-chT Blitz Women 2018"]
[Site "Sochi"]
[Date "2018.10.10"]
[Round "10"]
[White "Pogonina, Natalija"]
[Black "Maltseva, Aleksandra"]
[Result "1-0"]
[WhiteElo "2485"]
[BlackElo "1347"]
[Annotator "TA"]
[PlyCount "59"]
[EventDate "2018.10.10"]
[EventType "swiss"]
[EventCountry "RUS"]
[SourceTitle "playchess.com"]
[Source "ChessBase"]
[SourceQuality "1"]

{[%evp 18,59,42,45,86,80,148,142,379,378,360,357,375,345,339,345,29979,29980,1695,1425,29996,29997,29997,29998,29998,29992,29992,29992,29992,29993,29993,29994,29994,29995,29996,29994,29995,29996,29996,29997,29997,29998,29998,29999]} 1. d4 c5 2. d5 Nf6 3. c4 d6 4. Nc3 g6 5. e4 Bg7 6. h3 O-O 7. Nf3 e6 8. Bd3 exd5 9. exd5 Re8+ 10. Be3 {LiveBook: 558 Partien} Qa5 {E90: Königsindisch (Klassisches System)} (10... Rxe3+ 11. fxe3 Qe7 12. O-O Nbd7 13. Qe2 b6 14. Bc2 Nh5 15. Rfe1 Ne5 16. g4 Nxf3+ 17. Qxf3 Nf6 18. Ba4 {1-0 (57) Navara,D (2737)-Morozevich,A (2675) Biel 2017}) 11. O-O Nh5 (11... a6 $142) 12. Qd2 $16 Bf5 $146 {[#]} (12... Nd7 $16 13. g4 Bxc3 14. bxc3 (14. Qxc3 Qxc3 15. bxc3 Nhf6 $16) 14... Nhf6) ({Vorgänger:} 12... a6 13. Rfe1 Qd8 14. Bg5 Rxe1+ 15. Rxe1 f6 16. Bh6 Nd7 17. Ne4 Ne5 18. Nxe5 fxe5 {1-0 (26) Kievelitz,B (1926)-Kuehnl,B (1774) Leipzig 2018}) 13. Bxf5 $18 gxf5 14. Nh4 Bxc3 15. bxc3 ({Nicht} 15. Qxc3 Qxc3 16. bxc3 f4 $14) 15... Ng7 16. Bh6 {[#] Droht Matt per Dg5.} Kh8 $2 (16... Qd8 $18) 17. Bxg7+ Kxg7 18. Qg5+ Kh8 19. Qf6+ {Weiß setzt Matt.} Kg8 20. Nxf5 {[%csl Gf5][%cal Rf6g7]} Qxc3 21. Qxc3 {[%csl Gf5][%cal Rc3g7]} Re5 22. Qg3+ Kf8 23. Qg7+ Ke8 24. Nxd6+ Kd7 25. Qxe5 Na6 26. Nxf7 Re8 27. Qd6+ Kc8 28. Rfe1 Rxe1+ 29. Rxe1 {[%cal Re1e8]} b6 30. Qc6+ 1-0

[Event "RUS-chT Blitz Women 2018"]
[Site "Sochi"]
[Date "2018.10.10"]
[Round "10"]
[White "Ambartsumova, Karina"]
[Black "Samusenko, Ramziya"]
[Result "1-0"]
[WhiteElo "2379"]
[BlackElo "2075"]
[Annotator "TA"]
[PlyCount "63"]
[EventDate "2018.10.10"]
[EventType "swiss"]
[EventCountry "RUS"]
[SourceTitle "playchess.com"]
[Source "ChessBase"]
[SourceQuality "1"]

{[%evp 9,63,21,27,-5,16,-7,22,0,0,-12,0,-8,-6,0,8,11,37,-3,3,-29,-29,-33,5,0,0,-39,-37,-57,0,-3,0,0,250,243,679,687,901,809,815,795,762,698,965,804,843,812,810,808,811,799,970,563,543,448,456,362]} 1. d4 d6 2. e4 Nf6 3. Nc3 c6 4. f3 e5 5. Be3 Be7 6. Bc4 $146 {B07: Pirc Defence: Miscellaneous Systems} ({Predecessor:} 6. d5 O-O 7. Qd2 cxd5 8. exd5 Qa5 9. Bc4 Na6 10. a3 Bd7 11. Nge2 Rfc8 12. Ba2 Bd8 13. O-O {0-1 (43) Gretarsson,H (2530)-Danielsen,H (2483) Kopavogur 2014}) 6... b5 7. Bb3 a5 {[%cal Ba7a5,Ba5a4][%mdl 32] [#] Strongly threatening ...exd4.} 8. a3 {The position is equal.} exd4 9. Bxd4 a4 10. Ba2 O-O 11. Nge2 Na6 12. O-O Nc5 13. Qd2 Be6 14. Bxe6 fxe6 15. Rad1 d5 16. Qe3 Nfd7 17. exd5 exd5 18. Kh1 Kh8 (18... Bd6 $15) 19. Ng3 Bd6 20. Qh6 $40 {[%csl Gd4][%cal Rh6g7][%mdl 128] [#] White mounts an attack.} Be5 $2 (20... Nf6 $11 {and Black has nothing to worry.} 21. Qh3 Bxg3 22. Qxg3 Ne6) 21. Qxc6 $18 Qh4 $2 (21... Ra6 22. Qxb5 Rb6) 22. Bxe5 {White is clearly winning.} ({Not} 22. Bxc5 Nxc5 23. Qxc5 Bxg3 $16) 22... Rac8 23. Qxd5 Nxe5 24. Qxe5 Rfe8 25. Qh5 Qf6 26. Rfe1 Rf8 27. Nce4 Nxe4 28. Nxe4 Qxb2 29. Ng5 {[%csl Gg5][%cal Rh5h7]} h6 30. Ne6 Rfe8 31. Qg6 Qf6 32. Qg4 {Precision: White = 29%, Black = 23%.} 1-0